000 00644nam a2200205 i 4500
001 95829
003 ES-MaACL
005 20251017063056.0
007 t|
008 050606m19661967sp ||||1| spa d
100 1 _aMacabich Llobet, Isidoro,
_d1883-1973
_975047
245 1 0 _aHistoria de Ibiza /
_cIsidoro Macabich Llobet.
260 _aPalma de Mallorca :
_bDaedalus,
_c1966.
300 _a4 v., 28 lám., 2 map. ;
_c24 cm.
500 _aSon los tomos 1, 2, 3 y 4.
651 4 _aIbiza (Isla)-
_xHistoria.
_9168491
852 _aES-MaACL
_jP-1108
_bR.61614
852 _aES-MaACL
_jP-1090
_z.- (Vol. 1º)
999 _c95829
_d95829